Sports Quiz

Random Sports or MLB Quiz
Score 0/52 Timer 05:00
0 Plays Today
% Correct
David Ortiz
94%
Dustin Pedroia
87.4%
Jon Lester
86.3%
Adam Wainwright
86.3%
Yadier Molina
84.2%
Mike Napoli
83.1%
Mike Carp
82.5%
Matt Carpenter
82%
John Lackey
81.4%
Jacoby Ellsbury
81.4%
John Farrell
80.3%
Koji Uehara
77.6%
Mike Matheny
77.6%
Stephen Drew
76.5%
Carlos Beltrán
76%
Jarrod Saltalamacchia
75.4%
Shane Victorino
75.4%
Michael Wacha
75.4%
Matt Holliday
72.7%
David Ross
72.1%
Will Middlebrooks
71%
Jonny Gomes
70.5%
Allen Craig
68.9%
Jason Jay
67.8%
David Freese
67.2%
Xander Bogaerts
66.1%
% Correct
Clay Buchholz
65%
Matt Adams
65%
Daniel Nava
63.9%
Junichi Tazawa
60.7%
Trevor Rosenthal
59%
Jake Peavy
58.5%
Pete Kozma
57.4%
Lance Lynn
51.9%
Ryan Dempster
51.4%
Carlos Martínez
49.2%
Craig Breslow
47.5%
Daniel Descalso
47%
Kolten Wong
47%
Joe Kelly
46.4%
Félix Doubront
44.3%
Brandon Workman
43.2%
Edward Mujica
42.1%
Shelby Miller
41%
Shane Robinson
41%
Quintin Berry
38.8%
Franklin Morales
36.6%
Seth Maness
29%
Tony Cruz
29%
Randy Choate
27.3%
Kevin Siegrist
24%
John Axford
18%
Remove Ads.
Support Sporcle.
Get the best of Sporcle when you Go Orange. This ad-free experience offers more features, more stats, and more fun while also helping to support Sporcle. Thank you for becoming a member.

You're not logged in!

Compare scores with friends on all Sporcle quizzes.
OR
Log In

Show Comments

Extras

Top Quizzes Today


Score Distribution

Your Account Isn't Verified!

In order to create a playlist on Sporcle, you need to verify the email address you used during registration. Go to your Sporcle Settings to finish the process.

Report this User

Report this user for behavior that violates our Community Guidelines.

Details: